UBT Library

Power electronic converter harmonics : (Record no. 1399)

000 -LEADER
fixed length control field 00589nam a22001937a 4500
008 - FIXED-LENGTH DATA ELEMENTS--GENERAL INFORMATION
fixed length control field 151209b xxu||||| |||| 00| 0 eng d
020 ## - INTERNATIONAL STANDARD BOOK NUMBER
International Standard Book Number 078031137X
041 0# - LANGUAGE CODE
Language code of text/sound track or separate title eng
080 ## - UNIVERSAL DECIMAL CLASSIFICATION NUMBER
Universal Decimal Classification number 621.3
100 1# - Rafti
Rafti Paice, D. A.
245 10 - TITLE STATEMENT
Title Power electronic converter harmonics :
Statement of responsibility, etc Derek A. Paice.
260 ## -
-- Piscataway, NJ :
-- IEEE Press,
-- c1996.
300 ## -
-- xix, 202 f. :
-- me ill. ;
-- 24 cm.
650 #0 -
-- Elektronika
650 #0 -
-- Elektroteknika
650 #0 -
-- Paisjet elektronike
710 2# -
-- IEEE Industry Applications Society.
942 ## - ADDED ENTRY ELEMENTS (KOHA)
Source of classification or shelving scheme
Item type Books
Holdings
Withdrawn status Lost status Source of classification or shelving scheme Damaged status Not for loan Collection code Permanent location Current location Shelving location Date acquired Total Checkouts Full call number Barcode Date last seen Price effective from Koha item type
          Koleksioni i përgjithshem UBT - Lipjan UBT - Lipjan Koleksioni i përgjithshem 12/09/2015   621.3 PAI 002-008769 12/09/2015 12/09/2015 Books
UBT Library © 2015-2024. All rights reserved University Education for Business and Technology